Цифровая радиография стальных канатов; Неразрушающий контроль; Т. 1

Opis bibliograficzny
Parent link:Неразрушающий контроль: сборник трудов VI Всероссийской научно-практической конференции "Неразрушающий контроль: электронное приборостроение, технологии, безопасность", Томск, 23-27 мая 2016 г./ Национальный исследовательский Томский политехнический университет (ТПУ).— , 2016
Т. 1.— 2016.— [6 с.]
1. autor: Жумабекова Ш. Т.
Korporacja: Национальный исследовательский Томский политехнический университет (ТПУ) Институт неразрушающего контроля (ИНК) Российско-китайская научная лаборатория радиационного контроля и досмотра (РКНЛ РКД)
Kolejni autorzy: Осипов С. П. Сергей Павлович (научный руководитель), Ядренкин И. Г.
Streszczenie:Заглавие с титульного экрана
Język:rosyjski
Wydane: 2016
Seria:Современные системы и технологии в неразрушающем контроле
Hasła przedmiotowe:
Dostęp online:http://earchive.tpu.ru/handle/11683/32935
Format: Elektroniczne Rozdział
KOHA link:https://koha.lib.tpu.ru/cgi-bin/koha/opac-detail.pl?biblionumber=620548

MARC

LEADER 00000naa2a2200000 4500
001 620548
005 20231220153108.0
035 |a (RuTPU)RU\TPU\conf\19035 
035 |a RU\TPU\conf\19034 
090 |a 620548 
100 |a 20160930d2016 k y0rusy50 ca 
101 0 |a rus 
102 |a RU 
105 |a y z 101zy 
135 |a drcn ---uucaa 
181 0 |a i  
182 0 |a b 
200 1 |a Цифровая радиография стальных канатов  |f Ш. Т. Жумабекова, С. П. Осипов, И. Г. Ядренкин  |g науч. рук. С. П. Осипов 
203 |a Текст  |c электронный 
225 1 |a Современные системы и технологии в неразрушающем контроле 
300 |a Заглавие с титульного экрана 
320 |a [Библиогр.: 12 назв.] 
461 1 |0 (RuTPU)RU\TPU\conf\19000  |t Неразрушающий контроль  |o сборник трудов VI Всероссийской научно-практической конференции "Неразрушающий контроль: электронное приборостроение, технологии, безопасность", Томск, 23-27 мая 2016 г.  |o в 3 т.  |f Национальный исследовательский Томский политехнический университет (ТПУ)  |d 2016 
463 1 |0 (RuTPU)RU\TPU\conf\19001  |t Т. 1  |v [6 с.]  |d 2016 
610 1 |a труды учёных ТПУ 
610 1 |a электронные ресурсы 
610 1 |a стальные канаты 
610 1 |a безопасность 
610 1 |a подъемно-транспортные машины 
610 1 |a оборудование 
610 1 |a сканирование 
700 1 |a Жумабекова  |b Ш. Т. 
701 1 |a Осипов  |b С. П.  |c специалист в области неразрушающего контроля  |c ведущий научный сотрудник Томского политехнического университета, кандидат технических наук  |f 1958-  |g Сергей Павлович  |3 (RuTPU)RU\TPU\pers\33974  |9 17547 
701 1 |a Ядренкин  |b И. Г. 
702 1 |a Осипов  |b С. П.  |c специалист в области неразрушающего контроля  |c ведущий научный сотрудник Томского политехнического университета, кандидат технических наук   |f 1958-  |g Сергей Павлович  |4 727 
712 0 2 |a Национальный исследовательский Томский политехнический университет (ТПУ)  |b Институт неразрушающего контроля (ИНК)  |b Российско-китайская научная лаборатория радиационного контроля и досмотра (РКНЛ РКД)  |3 (RuTPU)RU\TPU\col\21551 
801 2 |a RU  |b 63413507  |c 20161021  |g RCR 
856 4 |u http://earchive.tpu.ru/handle/11683/32935 
942 |c BK